000 00567nam a2200169Ia 4500
001 23543
003 GE_BSU
008 181216s||||||||xx |||||||||||||| ||und||
040 _cGE_BSU
245 _aНовая и новейшая история №1 Январь-Февраль,2018
245 _cГлавный ред:В.В Согрин, и др.
653 _aИстория
653 _aНовая и новейшая история. №1 Январь-Февраль,2018
653 _aПериодика
653 _aპერიოდიკა
942 _cCR
999 _c56430
_d56430